| 000 | 01595nam0a2200361 4500 | ||
|---|---|---|---|
| 001 | RU\NLR\BIBL_A\022705351 | ||
| 005 | 20260420062408.0 | ||
| 010 | _a1000 | ||
| 021 |
_aRU _bКН-П-25-073086 _9КН-П-25-7079 |
||
| 035 | _a(NLR Aleph) 022705351 | ||
| 090 |
_a13687651 _c13687651 |
||
| 100 | _a20260120d2025 u y0rusy50 ca | ||
| 101 | 0 | _arus | |
| 102 | _aRU | ||
| 105 | _aa z 000zy | ||
| 181 | 0 |
_ai3 _baxxe |
|
| 182 | 0 | _an | |
| 200 | 1 |
_aПодвижные игры с детьми 3-5 лет _eконспекты физкультурных занятий и сценарии развлечений в ДОО _fК. К. Утробина |
|
| 203 |
_aТекст _bвизуальный _cнепосредственный |
||
| 210 |
_aМосква _cГном _d2025 |
||
| 215 |
_a127 с. _cил. _d20 |
||
| 225 | 1 | _aОбразовательная область ФГОС дошкольного образования "Физическое развитие" | |
| 300 | _aЗагл. обл.: Подвижные игры для детей 3-5 лет | ||
| 320 | _aБиблиогр.: с. 124-125 (36 назв.) | ||
| 333 | _a0+ | ||
| 512 | 1 | _aПодвижные игры для детей 3-5 лет | |
| 606 | 1 |
_aПодвижные детские игры в детском саду _jРуководства, пособия и т.п _92297390 _3RU\NLR\AUTH\661375603 |
|
| 686 | 1 | _aЧ411.375.3я7 | |
| 700 | 1 |
_aУтробина _bК. К. _gКлавдия Кузьминична |
|
| 942 | _cBOOK | ||
| 980 | _aNB | ||